| 000 | 00882nas a2200277 4500 | ||
|---|---|---|---|
| 001 | BR8705185 | ||
| 003 | BR-BrBNA | ||
| 005 | 20231205090754.0 | ||
| 007 | ta | ||
| 008 | 230509b bl.|||p| |||| 00| 00por d | ||
| 040 |
_aBR-BrBNA _bpor _cBiblioteca Nacional de Agricultura |
||
| 041 | _a(Pt) | ||
| 072 | _aH20 | ||
| 100 | 1 | _aJunqueira, N.T.V. | |
| 100 | 1 | _aZambolim, L. | |
| 100 | 1 | _aChaves, G.M. | |
| 100 | 1 | _aGasparotto, L. | |
| 245 | 1 | _aEsporulacao in vitro, viabilidade dos conidios e patogenicidade de Microcyclus ulei | |
| 246 | 1 | _aSporulation "in vitro" viability of conidia and pathogenicity of Microcyclus ulei | |
| 650 | _aFUNGO | ||
| 650 | _aCONIDIO | ||
| 650 | _aESPORULACAO | ||
| 773 | 0 |
_tFitopatologia Brasileira (Brazil) _xISSN 0100-4150 _g(Oct 1986), v. 11(3) p. 667-682 _wBR8705185 |
|
| 909 |
_a202311 _bLúcia _c55 _dLúcia Elande |
||
| 942 |
_2AGRIS _n0 _cANA |
||
| 999 |
_c120747 _d120747 |
||